000 01045nam a2200361 i 4500
001 bgj
100 1 _aHAWTHORNE, Nathaniel
_d(1804-1864)
245 1 0 _aThe Scarlet Letter /
_cNathaniel Hawthorne ; with a foreword by Leo Marx.
260 _aNew York [etc.] :
_bNew American Library,
_cc. 1980.
300 _a256 pp ;
_c18 cm.
490 1 _aA Signet Classic
504 _aIncludes bibliography.
650 9 _aTriangles (Interpersonal relations)
650 9 _aIllegitimate children
650 9 _aWomen immigrants
650 9 _aMarried women
650 9 _aPuritans
650 9 _aAdultery
650 9 _aRevenge
650 9 _aClergy
650 9 _aPsychological fiction
650 9 _aHistorical fiction
651 9 _aNew England
_xSocial life and customs
651 9 _aBoston (Mass.)
_xHistory
_yColonial period, ca. 1600-1775
655 _aFiction
700 1 _aMARX, Leo
830 _aA Signet Classic
020 _ahbk
040 _cBPK
041 0 _aeng
942 _cKS
008 s uk f |000 0 eng
999 _c48045
_d48045
856 _uhttp://koha.tu.koszalin.pl/cgi-bin/koha/opac-detail.pl?biblionumber=48045
_yKatalog online BPK